Some facts on Britain

Bibliographic Details
Main Author: Ruppeldtová, Jana, 1923-1990 (Author)
Format: Book
Language:English
PhysicalDescription:282 s. grafy, mapy, tab. 24 cm 1 voľná príloha
Published: Bratislava Slovenské pedagogické nakladateľstvo 1985
Edition:1. vyd.
Subjects:

MARC

LEADER 00000cam a2200000 a 4500
001 vtls001087333
003 SK-MaSNL
005 20260426004112.0
008 250414s1985 xo dbl frnp 00000 eng
015 |a SNBA1985/09 
020 |q (viaz.) 
035 |a SNK000030173 
040 |a SNK  |b slo  |c SNK  |e AACR2 
041 0 |a eng 
043 |a e-uk--- 
044 |a xo  |c SK 
072 7 |a 811.111  |x Angličtina  |2 konspekt 
072 7 |a 37.016  |x Učebné osnovy. Vyučovacie predmety. Učebnice  |2 konspekt 
072 7 |a 913  |x Regionálna geografia  |2 konspekt 
080 |a 802.0(075.8)  |2 1981 
080 |a 811.111  |2 2011 
080 |a 908(...)  |2 2011 
080 |a (41)  |2 2011 
080 |a (075.8)  |2 2011 
100 1 |a Ruppeldtová, Jana,  |d 1923-1990  |4 aut  |9 261220 
245 1 0 |a Some facts on Britain  |c spracovala Jean Ruppeldtová 
250 |a 1. vyd. 
260 |a Bratislava  |b Slovenské pedagogické nakladateľstvo  |c 1985 
300 |a 282 s.  |b grafy, mapy, tab.  |c 24 cm  |e 1 voľná príloha 
366 |e 3500 kusov 
504 |a Obsahuje bibliografiu 
650 0 7 |a angličtina  |2 SNKPH  |9 1260 
650 0 7 |a reálie  |2 SNKPH  |9 3876 
651 7 |a Veľká Británia  |2 SNKPHgeo  |9 20930 
655 7 |a učebnice vysokých škôl  |2 SNKPH  |9 70191 
852 |a Slovenská národná knižnica 
954 |a odborná, vedecká literatúra pôvodná (slovenská)  |2 lita 
958 |a RK 
958 |a TL 
958 |a NB 
958 |a OND 
958 |a UV 
999 |c 964288  |d 966218 
952 |t P60, <04>, [BOOK], {604}  |a SNK  |b SNK  |y VYP  |7 0  |p 17A0059062  |o snkSC 64149 D1  |0 0  |1 0  |4 0  |d 1997-04-08  |l 0  |r 2004-12-31 00:00:00  |w 2026-02-24 
952 |a SNK  |b SNK  |y PREZ  |7 0  |p 17A0918384  |o snkSC 64149  |z 1 voľná príloha  |0 0  |1 0  |4 0  |d 2012-08-07  |l 0  |r 2025-07-02 00:00:00  |w 2026-02-24